The revival styles in American memorial art / (Record no. 22525)

000 -LEADER
fixed length control field 01459cam a2200385 a 4500
001 - CONTROL NUMBER
control field 2526348
005 - DATE AND TIME OF LATEST TRANSACTION
control field 20170124114013.0
008 - FIXED-LENGTH DATA ELEMENTS--GENERAL INFORMATION
fixed length control field 931216s1994 ohua b 001 0 eng d
010 ## - LIBRARY OF CONGRESS CONTROL NUMBER
LC control number 93072851
020 ## - INTERNATIONAL STANDARD BOOK NUMBER
International Standard Book Number 0879726334 (cloth)
020 ## - INTERNATIONAL STANDARD BOOK NUMBER
International Standard Book Number 0879726342 (paper)
035 ## - SYSTEM CONTROL NUMBER
System control number (OCoLC)30763931
040 ## - CATALOGING SOURCE
Original cataloging agency NNF
Transcribing agency NNF
Modifying agency DLC
042 ## - AUTHENTICATION CODE
Authentication code lccopycat
043 ## - GEOGRAPHIC AREA CODE
Geographic area code n-us---
050 04 - LIBRARY OF CONGRESS CALL NUMBER
Classification number NA6150
Item number .M37 1994
100 1# - MAIN ENTRY--PERSONAL NAME
Personal name McDowell, Peggy.
245 14 - TITLE STATEMENT
Title The revival styles in American memorial art /
Statement of responsibility, etc. Peggy McDowell and Richard E. Meyer.
260 ## - PUBLICATION, DISTRIBUTION, ETC. (IMPRINT)
Place of publication, distribution, etc. Bowling Green, OH :
Name of publisher, distributor, etc. Bowling Green State University Popular Press,
Date of publication, distribution, etc. 1994.
300 ## - PHYSICAL DESCRIPTION
Extent 206 p. :
Other physical details ill. ;
Dimensions 29 cm.
504 ## - BIBLIOGRAPHY, ETC. NOTE
Bibliography, etc Includes index and bibliography (p. 191-201).
650 #0 - SUBJECT ADDED ENTRY--TOPICAL TERM
Topical term or geographic name as entry element Sepulchral monuments
Geographic subdivision United States.
650 #0 - SUBJECT ADDED ENTRY--TOPICAL TERM
Topical term or geographic name as entry element Cemeteries
Geographic subdivision United States.
650 #0 - SUBJECT ADDED ENTRY--TOPICAL TERM
Topical term or geographic name as entry element Gothic revival (Architecture)
Geographic subdivision United States.
650 #0 - SUBJECT ADDED ENTRY--TOPICAL TERM
Topical term or geographic name as entry element Greek revival (Architecture)
Geographic subdivision United States.
650 #0 - SUBJECT ADDED ENTRY--TOPICAL TERM
Topical term or geographic name as entry element Egyptian revival (Architecture)
Geographic subdivision United States.
700 1# - ADDED ENTRY--PERSONAL NAME
Personal name Meyer, Richard E.,
Dates associated with a name 1939-
942 ## - ADDED ENTRY ELEMENTS (KOHA)
Source of classification or shelving scheme
Koha item type Hard Covered Materials
Classification part NA6150 .M37 1994
Holdings
Withdrawn status Lost status Source of classification or shelving scheme Damaged status Not for loan Home library Current library Shelving location Date acquired Source of acquisition Total Checkouts Full call number Barcode Date last seen Price effective from Koha item type
          MACHAKOS UNIVERSITY LIBRARY MACHAKOS UNIVERSITY LIBRARY Technical section 24/01/2017 Donation(BFA)   NA6150 .M37 1994 31914 12/06/2018 24/01/2017 Hard Covered Materials
© Machakos University Library, Along The Highway, Machakos Wote Rd, Machakos, Kenya P.O. Box 136 - 90100 Machakos - Kenya

Tel: ( +254 ) 723 805829 OR Fax : 044-20353 OR Email: library@mksu.ac.ke